00816nam a2200241 a 4500001001000000003000900010005001700019007000300036008004100039020001800080040002500098082000700123100004100130245007900171260003900250300003800289500005800327590002600385700003800411942001400449952009400463999001700557000044616DO-SdBNP20230209141643.0ta141209s2014 dr a 000 p spa d a9789945583809 aDO-SdBNPbspacBNPHU 42221 aBenito Ángel Nieves,d1966-97263610aVertientes :bpoesía /cBenito Ángel Nieves ; prólogo Robert Berroa. aSanto Domingo :bSantuario,c2014. a122 p. :bilustraciones ;c23 cm. aIncluye datos biográficos del autor en las soplapas aInventariado, 2023/BT1 aBerroa, Robert,eprólogo910541 2ddccLBS1 00102ddc51708PDaBNPHUbBNPHUcCTd2014-12-09p44616-10r2020-06-25w2020-06-25yLBS1 c44105d44105